000 00647nam a2200229 a 4500
999 _c1000
_d1000
001 1000
003 BD-JhCC
005 20201209134020.0
008 171012s2004 bg a|||| |||| 000 0 ben d
020 _a9844103819
035 _a(BD-JhCC)1000
040 _aBD-JhCC
_dBD-JhCC
041 _aben
082 _a635.933734
_bSHA 2004
100 _aশাকুর, আবদুশ
245 _aগোলাপসংগ্রহ /
_cআবদুশ শাকুর,
260 _aঢাকা :
_bমাওলা ব্রাদার্স ;
_c2004
300 _a214 p.;
_bii
_c24 cm.
650 _aRose
942 _2ddc
_cBK
_02